Body zlomu (Tipping Points) a lesné ekosystémy

Prezentácia výskumu odolnostného potenciálu lesov a potenciálnych bodov zlomu pod vplyvom globálnej zmeny. Základná charakteristika konceptu bodov zlomu. Potreba vytvárania inovatívnych modelov predikcií pre trvalo udržateľné obhospodarovanie lesov, keďže manažment prírodných zdrojov sa stal v podmi...

Ausführliche Beschreibung

Gespeichert in:
Bibliographische Detailangaben
1. Verfasser: Černota, Mikuláš, 1979-
Format: Buchkapitel
Sprache:Slowakisch
Schlagworte:
Tags: Tag hinzufügen
Keine Tags, Fügen Sie das erste Tag hinzu!

MARC

LEADER 00000naa$a2200000$$$4500
001 0249500
005 20240502074005.4
041 0 |a slo 
044 |a SK 
245 1 0 |a Body zlomu (Tipping Points) a lesné ekosystémy  |c Mikuláš Černota 
520 |a Prezentácia výskumu odolnostného potenciálu lesov a potenciálnych bodov zlomu pod vplyvom globálnej zmeny. Základná charakteristika konceptu bodov zlomu. Potreba vytvárania inovatívnych modelov predikcií pre trvalo udržateľné obhospodarovanie lesov, keďže manažment prírodných zdrojov sa stal v podmienkach globálnych zmien náročnejší. 
610 2 0 |a environmentalistika 
610 2 0 |a prostredie životné 
610 2 0 |a lesy 
610 2 0 |a ochrana prostredia životného 
610 2 0 |a zmeny klimatické 
610 2 0 |a rozvoj trvalo udržateľný 
100 1 |a Černota, Mikuláš, 1979-